|
|
|
|
| LEADER |
00674nab a2200181 i 4500 |
| 001 |
misc26140 |
| 005 |
20191108150205.0 |
| 008 |
170731s1943 hu o 0|| zxx d |
| 040 |
|
|
|a SZTE Miscellanea Repozitórium
|b hun
|
| 041 |
|
|
|a zxx
|
| 100 |
1 |
|
|a Melczer Miklós
|
| 245 |
1 |
0 |
|a Van-e ellentét a bőr és az idegrendszer syphilise között?
|h [elektronikus dokumentum] /
|c Melczer Miklós
|
| 260 |
|
|
|c 1943
|
| 300 |
|
|
|a 1-8
|
| 490 |
0 |
|
|a Kolligátum
|
| 695 |
|
|
|a Nemi betegségek, Fertőző betegségek, Szifilisz - kórtan, Bőrgyógyászat, Neurológia
|
| 700 |
0 |
2 |
|a B. Döbrentey Ilona
|e aut
|
| 856 |
4 |
0 |
|u http://misc.bibl.u-szeged.hu/26140/1/018_023_001-008a.pdf
|z Dokumentum-elérés
|